00668nam a2200181 a 450000100100000000500170001000800410002702000150006804000250008308200150010810000320012324501000015526000380025530000270029370000360032095201130035699900170046900004522720201002050001.0150212s1999 xxca 000 j spa d z2992453014 aDO-SdBNPbspacBNPHU axxxxbxxxx1 aJorge Morel, Eucilda92543310aHabía una vez /cEucilda Jorge Morel ; ilustraciones y diseño gráfico, Edith Ferrándiz. a[Montreal :bFourmi rose,c1999]. a17 p. :bil. ;c15 cm.12aFerrándiz, Edith,eil.973250 001050718MOaPDbPDcCTd2015-02-12iLF1l0oxxxx xxxxp45227-10r2020-06-25w2020-06-25y1ZNo se presta c44716d44716